000
00464nam a2200145Ia 4500
008
151213s9999 xx 000 0 und d
100
_a
স’দাত আলী।
245
_a
ফিরে আসি বার বার।
_c
স’দাত আলী।
260
_a
ঢাকা।
_b
নতুন কীরা
_c
2004
300
_a
8668 p.
650
_a
Bangla
650
_a
আতœজীবনী।
700
_a
স’দাত আলী।
999
_c
4454
_d
4454